| 000 | 01339nam0a22002531 4500 | ||
|---|---|---|---|
| 001 | rc\158982 | ||
| 005 | 20030307112830.8 | ||
| 035 | _a(NLR Aleph) 005424984 | ||
| 090 |
_a7516188 _c7516188 |
||
| 100 | _a20030307d1992 u |0rusy50 ca | ||
| 101 | 0 | _arus | |
| 102 | _aRU | ||
| 105 | _ay ||||||||| | ||
| 200 | 1 |
_aМетрологическая аттестация методик измерений содержания компонентов в мясе и мясных продуктах _fС.И. Суханова, А.Б. Лисицын, Г.П. Горошко и др. _gРос. акад. с.-х. наук. Науч.-техн. центр мясн. и молоч. пром-сти |
|
| 210 |
_aМ. _cАгроНИИТЭИММП _d1992 |
||
| 215 |
_a27, [2] с. _d21 |
||
| 225 | 1 |
_aМясная промышленность _eОбзорная информация по информационному обеспечению основных направлений развития отрасли _fНИИ информ. и техн.-экон. исслед. мясн. и молоч. пром-сти |
|
| 320 | _aБиблиогр.: с. 18 (5 назв.) | ||
| 701 | 1 |
_aСуханова _bС. И. _gСветлана Ильинична |
|
| 801 | 0 |
_aRU _bNLR _gpsbo |
|
| 801 | 1 |
_aRU _bELAR _2rusmarc |
|
| 852 |
_aNLR _j92-4/3138 |
||
| 942 | _cBOOK | ||
| 980 | _aNB | ||